Open Data Biblioteca Nacional de Portugal


República Portuguesa: Ministério da Cultura
Biblioteca Nacional de Portugal

Catálogo da BNP: acesso por Identificadores Unívocos
Registos Bibliográficos associados ao registo de autoridade

Etiqueta de registo: 00254nam 2200025 450
001 2280184
003 http://id.bnportugal.gov.pt/bib/catbnp/2280184
100 ## $a20260313d2025 k y0pory01030103ba
101 0# $aeng$dpor
102 ## $aPT
105 ## $aa m 000yy
106 ## $ar
200 1# $aUnveiling hidden communities$eecological dynamics and taxonomic diversity of Palm Leaf Spotting Fungi, with insights into Botryosphaeriaceae and Diaporthe$fDiana Santos Pereira$gorient. Alan John Lander Phillips, Mónica Sofia Vieira Cunha
210 #9 $aLisboa$c[s.n.],$d2025
215 ## $a2 v.$cil.$d30 cm$ecurrículum vitae (p. 10)
328 #1 $aTese dout. Biologia (Microbiologia), Faculdade de Ciências da Universidade de Lisboa, 2025
675 ## $a579.26(043)$vBN$zpor$31296294
675 ## $a582.44(043)$vBN$zpor$31995576
675 ## $a574.4(043)$vBN$zpor$31434136
700 #1 $aPereira,$bDiana Santos,$f1993-$31991348
702 #1 $aPhillips,$bAlan John Lander$4727$31660062
702 #1 $aCunha,$bMónica Sofia Vieira$4727$3990530
801 #0 $aPT$bBN$gRPC
966 ## $d1º v.$lBN$mFGMON$sS.A. 193550 V.$x1
966 ## $d2º v.$lBN$mFGMON$sS.A. 193551 V.$x1
971 ## $cabrito$d20260313
972 ## $e0$z0$d20260427$vasantos
973 ## $ctrodrigues$d20260414

OpendataBNP@bnportugal.pt | Mais informação sobre acesso aos dados BNP